01188nam a2200217 a 4500003000900000005001700009007000300026008004100029040002500070082001400095245008100109260007900190300002700269500004700296500005300343505036200396650005000758651005800808700002800866710007600894DO-SdBNP20230203115903.0ta220914e2003 dr a|||gr||||o001 0 spa d aDO-SdBNPbspacBNPHU 2222bR426a10aApuntes para la historia del Ejército Nacional. /cEditor Sócrates Suazo aSanto Domingo :bJefatura del Estado Mayor del Ejército Nacional,c2003. a16 p. :bil. ;c24 cm. aPortada: Mural del maestro Ramón Oviedo. a10 de marzo 1844, día del Ejército Nacional.0 a10 de marzo: día del Ejército NacionaltI. ¿Qué es un ejército?..tII. Antecedentes del Ejército Nacional.--tIII. Independencia Efímera.--tIV. Ocupación haitiana.--tV. Proclamación de la Independencia Nacional.--tVI. La formación del Ejército como cuerpo institucional.tVII. Guerra de Independencia: Las cuatro campaña militares. 4aEjércitosxHistoriazRepública Dominicana 4aRepública DominicanaxEjército NacionalxHistoria1 aSuazo, Sócrates,eed.2 aRepública Dominicana.bSecretaría de Estado de las Fuerzas Armadas.